000 00613nam a2200193Ia 4500
003 GCL
005 20240530104347.0
008 140319s9999 xx 000 0 ara d
040 _aGCL /
_cGCL
082 0 4 _a811.9
_bع ل
100 0 _aعبدالله البردونى
245 1 0 _aلعينى ام بلقيس(هدية من عبدالفتاح الجمل) /
_cعبدالله البردونى
300 _a109
490 _aالهيئة العامة للاستعلامات
_v0
650 0 4 _aالشعر العربى
650 0 4 _aالادب العربى
650 0 4 _aالعصر الحديث
942 _2ddc
_cBK
999 _c46826
_d46826